[Event "7th Gibtelecom Masters"]
[Site "Caleta ENG"]
[Date "2009.02.01"]
[Round "6"]
[White "Jessel,S"]
[Black "Carlsson,P"]
[Result "1/2-1/2"]
[WhiteElo "2296"]
[BlackElo "2509"]

1.Nf3 d5 2.c4 c6 3.g3 Nf6 4.Bg2 dxc4 5.Qc2 Qd5 6.Nc3 Qa5 7.Nd1 Be6 8.Ne3 Na6
9.Nxc4 Nb4 10.Qc3 Qc5 11.Ne3 Qxc3 12.bxc3 Nbd5 13.Nxd5 Bxd5 14.d3 Bxf3 15.Bxf3 e5
16.Rb1 O-O-O 17.Be3 a6 18.c4 g6 19.O-O Nd7 20.Rb3 Bc5 21.Bd2 Kc7 22.Rfb1 b6
23.a4 a5 24.Bg2 Rhe8 25.Bh3 f5 26.g4 f4 27.g5 Nb8 28.Bg4 Na6 29.Kg2 Nb4 30.h4 Rh8
31.Bc3 Rde8 32.Rh1 Na2 33.Ba1 h5 34.Bf3 Nb4 35.Bc3 Na2 36.Be4 Rhg8 37.Rhb1 Nb4
38.Kf3 Na6 39.Kg2 Bb4 40.Bxb4 Nxb4 41.e3 Ref8 42.R1b2 Rg7 43.Kg1 Kd6 44.Kg2 Kc5
45.Kg1 Kd6 46.Kg2 Kc7 47.Kg1 Rgg8 48.Kg2 Rf7 49.Kg1 Rgg7 50.Kg2 Rf8 51.Kg1 Rff7  1/2-1/2

[Event "Open A"]
[Site "Moscow RUS"]
[Date "2009.02.02"]
[Round "3"]
[White "Burmakin,V"]
[Black "Ziatdinov,R"]
[Result "1-0"]
[WhiteElo "2623"]
[BlackElo "2441"]

1.Nf3 d5 2.c4 e6 3.g3 Nf6 4.Bg2 Be7 5.O-O O-O 6.d4 c6 7.b3 b6 8.Bb2 Bb7 9.Nc3 Nbd7
10.Qc2 Rc8 11.Rfd1 Qc7 12.Rac1 Qb8 13.e4 Rfd8 14.e5 Ne8 15.cxd5 cxd5 16.Bf1 Nc7
17.Bd3 Nf8 18.Qe2 Bc6 19.Na4 Qb7 20.Rc2 a6 21.Rdc1 Be8 22.h4 Nd7 23.Kg2 Nb8
24.Bxh7+ Kxh7 25.Ng5+ Bxg5 26.hxg5 f5 27.gxf6 Nb5 28.Rxc8 Rxc8 29.Rh1+ Kg8
30.Qg4 Qf7 31.fxg7  1-0

[Event "80th ch-GER"]
[Site "Saarbruecken GER"]
[Date "2009.02.07"]
[Round "2"]
[White "Braun,A"]
[Black "Zude,E"]
[Result "1-0"]
[WhiteElo "2558"]
[BlackElo "2397"]

1.Nf3 d5 2.c4 dxc4 3.Qa4+ Nd7 4.Qxc4 Ngf6 5.g3 e6 6.Bg2 a6 7.Qc2 c5 8.O-O Ra7
9.d4 b6 10.Nc3 Bb7 11.e4 cxd4 12.Nxd4 Bc5 13.Rd1 Qa8 14.Nb3 Bb4 15.a3 Be7
16.Be3 O-O 17.f3 Rc8 18.Qf2 Bc6 19.Rac1 Rac7 20.Bf1 h6 21.Be2 a5 22.Qf1 e5
23.Nd2 Bb7 24.Nc4 Rc6 25.Nd5 Nxd5 26.Rxd5 Nf6 27.Rxe5 Bd8 28.a4 Ba6 29.Bd4 Qb8
30.b3 R8c7 31.Rd1 Be7 32.Qf2 Rd7 33.Rf5 Bxc4 34.Bxc4 g6 35.Rd5 Nxd5 36.Bxd5 Rc8
37.Qd2 Bc5 38.Qxh6 Qd6 39.Qh8+  1-0

[Event "80th ch-GER"]
[Site "Saarbruecken GER"]
[Date "2009.02.11"]
[Round "6"]
[White "Heinig,Wo"]
[Black "Zierke,O"]
[Result "1/2-1/2"]
[WhiteElo "2328"]
[BlackElo "2300"]

1.Nf3 d5 2.c4 e6 3.g3 c5 4.Bg2 Nc6 5.O-O Nf6 6.d4 Be7 7.cxd5 exd5 8.Nc3 O-O
9.b3 Ne4 10.Bb2 Bf6 11.Na4 Re8 12.dxc5 Bxb2 13.Nxb2 Nc3 14.Qd2 Nxe2+ 15.Kh1 Qf6
16.Rae1 Bg4 17.Rxe2 Bxf3 18.Rxe8+ Rxe8 19.Re1 Re4 20.Re3 Bxg2+ 21.Kxg2 g6
22.Rxe4 dxe4 23.Nc4 Ne5 24.Nxe5 Qxe5 25.b4 Kg7 26.a4 Kf6 27.Qd8+ Kg7 28.Qd2 g5
29.Qc2 f5 30.Qd2 f4 31.gxf4 gxf4 32.Qd7+ Kg6 33.Qg4+ Kf6 34.Qh4+ Kg6 35.Qg4+ Kf6
36.Qh4+  1/2-1/2

[Event "FSIM February"]
[Site "Budapest HUN"]
[Date "2009.02.13"]
[Round "7"]
[White "Cox,Tr"]
[Black "Farago,S"]
[Result "1/2-1/2"]
[WhiteElo "2131"]
[BlackElo "2263"]

1.Nf3 d5 2.c4 c6 3.b3 Nf6 4.g3 g6 5.Bb2 Bg7 6.Bg2 O-O 7.O-O Nbd7 8.d3 Re8
9.Nbd2 e5 10.cxd5 cxd5 11.e4 Rb8 12.Rc1 b5 13.d4 dxe4 14.Nxe5 Nxe5 15.dxe5 e3
16.fxe3 Ng4 17.Bd4 Nxe5 18.Bxa7 Bg4 19.Nf3 Qxd1 20.Rcxd1 Nxf3+ 21.Bxf3 Bxf3
22.Rxf3 Ra8 23.Rd7 f5 24.a4 bxa4 25.bxa4 Bh6 26.Kg2 Re5 27.Bd4 Rea5 28.g4 fxg4
29.Rff7 Bf8 30.Rxh7 Rh5 31.Rxh5 gxh5 32.Ra7 Rc8 33.Ra6 Rc2+ 34.Kg3 Kh7 35.Be5 Bh6
36.Bf4 Bxf4+ 37.exf4 Rc3+ 38.Kh4 Rh3+ 39.Kg5 Rxh2 40.Ra7+ Kg8 41.Kg6 Kf8
42.f5 g3 43.f6 Re2 44.Rh7 Ke8 45.f7+ Ke7 46.Kg7 Rf2 47.Kg8 Rxf7 48.Rxf7+ Ke6
49.Rg7 h4 50.Rg4 Kf5 51.Rxh4 g2  1/2-1/2

[Event "58th ch-BUL w"]
[Site "Dupnitsa BUL"]
[Date "2009.02.13"]
[Round "1"]
[White "Voiska,M"]
[Black "Yordanova,S"]
[Result "1/2-1/2"]
[WhiteElo "2339"]
[BlackElo "2202"]

1.Nf3 d5 2.c4 c6 3.Qa4 e6 4.d4 Nf6 5.Nc3 Nbd7 6.c5 e5 7.dxe5 Nxc5 8.Qh4 Nfe4
9.Qxd8+ Kxd8 10.Ng5 Nxg5 11.Bxg5+ Ke8 12.O-O-O Bf5 13.f3 h6 14.Bh4 g5 15.Bf2 Be7
16.g4 Bg6 17.h4 Rg8 18.e3 b5 19.hxg5 hxg5 20.f4 b4 21.f5 bxc3 22.bxc3 Ne4
23.Be1 Rb8 24.Kc2 Ba3 25.Rb1 Rxb1 26.Kxb1 Ke7 27.Kc2 Rb8 28.fxg6 Rb2+ 29.Kd1 fxg6
30.Rh7+ Ke6 31.Rxa7 Rxa2 32.Ra6 Kxe5 33.Rxc6 Bc5 34.c4 Bxe3 35.cxd5 Ra1+
36.Ke2 Bf4 37.Bc3+ Nxc3+ 38.Rxc3 Kxd5 39.Bg2+ Kd4 40.Rd3+ Ke5 41.Rd5+  1/2-1/2

[Event "73rd ch-BUL"]
[Site "Blagoevgrad BUL"]
[Date "2009.02.15"]
[Round "4"]
[White "Pantev,V"]
[Black "Radulski,J"]
[Result "1-0"]
[WhiteElo "2381"]
[BlackElo "2580"]

1.Nf3 d5 2.c4 e6 3.d4 Nf6 4.g3 c6 5.Qc2 Nbd7 6.Bg2 Bd6 7.O-O O-O 8.Nbd2 Re8
9.Rd1 c5 10.e4 cxd4 11.Nxd4 Bc5 12.N4b3 Bb6 13.Qc3 Qe7 14.h3 Nc5 15.e5 Nfd7
16.Re1 Rd8 17.a4 d4 18.Nxd4 Nxa4 19.Rxa4 Bxd4 20.Qxd4 Nc5 21.Qg4 Nxa4 22.Ne4 Kh8
23.Bg5 Qb4 24.Re3 Rd4 25.Qh5 Qf8 26.Nd6 Kg8 27.Be4 g6 28.Qh4 Bd7 29.Rf3 Rxd6
30.exd6 f5 31.Be7 Qg7 32.Bf6 g5 33.Bxg5 Nc5 34.Bf6 Qg6 35.Bc2 a5 36.Bd4 b6
37.Rf4 h5 38.Bxc5 bxc5 39.Qe7 Qg7 40.Qh4 Qxb2 41.Qxh5 a4 42.Rg4+ fxg4 43.Qh7+ Kf8
44.Qe7+ Kg8 45.Qh7+ Kf8 46.Qe7+ Kg8 47.Bh7+ Kh8 48.Be4 Qa1+ 49.Kh2 Qg7 50.Qh4+ Kg8
51.Bxa8 Be8 52.Qd8 Qf7 53.Qg5+ Kf8 54.Qxc5 Qh5 55.Qe3 Qxh3+ 56.Kg1 Qh7 57.Be4 Qg7
58.c5 Bb5 59.Qc1 Qe5 60.Bg2 Kg7 61.c6 Kf7 62.c7 Bd7 63.c8=Q Bxc8 64.Qxc8 Qxd6
65.Qb7+ Kf6 66.Qb2+ e5 67.Qa2 a3 68.Bd5 Qb4 69.Kg2 Ke7 70.Qc2 Qd6 71.Qc4 Kf6
72.Qe4 Qc5 73.Ba2 Qd4 74.Qa8 Qb2 75.Qd5 Ke7 76.Qe6+ Kd8 77.Qb3 Qxb3 78.Bxb3 Ke7
79.Kf1 Kf6 80.Ke2 Ke7 81.Ke3 Kf6 82.Ke4  1-0

[Event "It B"]
[Site "Nancy FRA"]
[Date "2009.02.16"]
[Round "1"]
[White "Marzolo,C"]
[Black "Lagarde,Max"]
[Result "0-1"]
[WhiteElo "2484"]
[BlackElo "2343"]

1.Nf3 d5 2.c4 c6 3.e3 e6 4.Qc2 Bd6 5.Nc3 f5 6.d3 Nf6 7.e4 e5 8.cxd5 cxd5
9.Bg5 d4 10.Nb5 Nc6 11.Nxd6+ Qxd6 12.Nd2 f4 13.f3 h6 14.Bh4 g5 15.Bf2 Be6
16.a3 Rc8 17.Be2 Ke7 18.O-O b5 19.Rfc1 Na5 20.Qd1 Nd7 21.Be1 Kf6 22.b4 Rxc1
23.Rxc1 Nb7 24.Nb3 Qa6 25.Rc7 Qxa3 26.Nxd4 exd4 27.Rxb7 Rc8 28.Qd2 Qa6 29.Rxd7 Bxd7
30.Qb2 Ke5 31.Bf2 Rc3 32.Be1 Rc7 33.Bf2 Qd6 34.h4 Be6 35.hxg5 hxg5 36.g3 Rd7
37.Be1 Qc6 38.Bd2 Rc7 39.Bd1 Qd7 40.Qa1 Qh7 41.Be1 Qh3 42.Bf2 Rd7 43.g4 Qh8
44.Qa6 Qb8 45.Be1 Rd6 46.Qa1 Qb6 47.Kg2 Qa6  0-1

[Event "It B"]
[Site "Nancy FRA"]
[Date "2009.02.16"]
[Round "1"]
[White "Marzolo,C"]
[Black "Lagarde,Max"]
[Result "0-1"]
[WhiteElo "2484"]
[BlackElo "2343"]

1.Nf3 d5 2.c4 c6 3.e3 e6 4.Qc2 Bd6 5.Nc3 f5 6.d3 Nf6 7.e4 e5 8.cxd5 cxd5
9.Bg5 d4 10.Nb5 Nc6 11.Nxd6+ Qxd6 12.Nd2 f4 13.f3 h6 14.Bh4 g5 15.Bf2 Be6
16.a3 Rc8 17.Be2 Ke7 18.O-O b5 19.Rfc1 Na5 20.Qd1 Nd7 21.Be1 Kf6 22.b4 Rxc1
23.Rxc1 Nb7 24.Nb3 Qa6  0-1

[Event "Masters"]
[Site "Bunratty IRL"]
[Date "2009.02.21"]
[Round "3"]
[White "Lalic,B"]
[Black "Astaneh Lopez,A"]
[Result "1-0"]
[WhiteElo "2538"]
[BlackElo "2367"]

1.Nf3 d5 2.c4 e6 3.d4 c6 4.Nbd2 Nf6 5.e3 Bd6 6.Bd3 Nbd7 7.e4 dxe4 8.Nxe4 Nxe4
9.Bxe4 O-O 10.O-O f5 11.Bc2 c5 12.Re1 Nf6 13.dxc5 Bxc5 14.Be3 Bxe3 15.Rxe3 Qc7
16.Qe2 Bd7 17.h3 Rac8 18.Ng5 f4 19.Nxe6 Bxe6 20.Rxe6 b5 21.Re7 Qc6 22.Bf5 Rce8
23.cxb5 Qc5 24.Rxe8 Rxe8 25.Qd3 Re5 26.Qb3+ Kh8 27.Rd1 Qe7 28.Bd3 f3 29.g3 h5
30.Bf1 h4 31.g4 Qb7 32.Qc2 Nd5 33.Qc5  1-0

[Event "TCh-HUN 2008-9"]
[Site "Budapest HUN"]
[Date "2009.02.22"]
[Round "8"]
[White "Paschall,W"]
[Black "Csom,I"]
[Result "1/2-1/2"]
[WhiteElo "2351"]
[BlackElo "2447"]

1.Nf3 d5 2.c4 d4 3.g3 g6 4.Bg2 Bg7 5.O-O e5 6.d3 Ne7 7.e3 dxe3 8.fxe3 e4
9.dxe4 Qxd1 10.Rxd1 Nd7 11.Nc3 c6 12.Bd2 Ne5 13.Nxe5 Bxe5 14.Be1 Bg4 15.Rd3 f6
16.h3  1/2-1/2

[Event "ch-EST"]
[Site "Rakvere EST"]
[Date "2009.02.24"]
[Round "6"]
[White "Vorobjov,P"]
[Black "Volodin,Alek"]
[Result "0-1"]
[WhiteElo "2110"]
[BlackElo "2401"]

1.Nf3 d5 2.c4 c6 3.b3 Nf6 4.Bb2 Bf5 5.d3 e6 6.Nbd2 Nbd7 7.a3 Bd6 8.Qc2 O-O
9.Nh4 Bg6 10.Nxg6 hxg6 11.e3 e5 12.Be2 Qe7 13.h4 b5 14.h5 gxh5 15.Bxh5 bxc4
16.bxc4 Rab8 17.Bf3 Nc5 18.Rb1 Rfc8 19.g4 d4 20.g5 Nh7 21.g6 fxg6 22.Be4 Qf6
23.Rg1 Rf8 24.Nf1 Ng5 25.Nh2 Ngxe4 26.Ng4 Qf3 27.dxe4 d3 28.Qd2 Qxe4 29.Rd1 Rf5
30.f4 Be7 31.Bxe5 Bh4+ 32.Nf2 Rxe5 33.fxe5 Rf8  0-1

[Event "25th Open"]
[Site "Cappelle la Grande FRA"]
[Date "2009.02.28"]
[Round "1"]
[White "Braun,A"]
[Black "Berkovich,M"]
[Result "1/2-1/2"]
[WhiteElo "2558"]
[BlackElo "2412"]

1.Nf3 d5 2.c4 e6 3.d4 Nf6 4.Nc3 Bb4 5.cxd5 exd5 6.Bg5 h6 7.Bxf6 Qxf6 8.Qb3 c5
9.a3 cxd4 10.axb4 dxc3 11.Qxc3 Nd7 12.e3 O-O 13.Bb5 Qd6 14.O-O Nf6 15.Rfc1 Bg4
16.Nd4 Rfc8 17.Qa3 Rxc1+ 18.Rxc1 Rc8 19.Rc5 a6 20.Bd3 Bd7 21.Qc3 Re8 22.h3 Ne4
23.Bxe4 Rxe4 24.Rc7 Bc6 25.Rc8+ Kh7 26.Qc2 g6 27.Qc3 Re8 28.Rxe8 Bxe8 29.Qc8 Bc6
30.Nxc6 Qxc6 31.Qxc6 bxc6 32.Kf1 Kg7 33.Ke2 Kf6 34.Kd3 Ke5 35.f4+ Ke6 36.Kd4 Kd6
37.g4 g5 38.Kd3  1/2-1/2

[Event "Costa del Sol Open"]
[Site "Malaga ESP"]
[Date "2009.02.28"]
[Round "4"]
[White "Marquez Bernal,F"]
[Black "Lopez Gonzalez,D"]
[Result "0-1"]
[WhiteElo "1980"]
[BlackElo "2209"]

1.Nf3 d5 2.c4 e6 3.g3 Nf6 4.Bg2 Be7 5.O-O O-O 6.b3 c5 7.e3 Nc6 8.Bb2 d4 9.exd4 cxd4
10.Qe2 Ne8 11.Ne5 Nxe5 12.Qxe5 Bf6 13.Qf4 Nc7 14.Ba3 Re8 15.Qd6 e5 16.Re1 Bd7
17.c5 Re6 18.Bxb7 Rxd6 19.cxd6 Nb5 20.Bxa8 Qxa8 21.d3 Bh3 22.Re4 Bf5 23.f3 Qc6
24.Re1 Qxf3 25.Bc5 Bh3  0-1

[Event "25th Open"]
[Site "Cappelle la Grande FRA"]
[Date "2009.03.04"]
[Round "6"]
[White "Bronowicki,M"]
[Black "Grandadam,N"]
[Result "1-0"]
[WhiteElo "2366"]
[BlackElo "2145"]

1.Nf3 d5 2.c4 e6 3.g3 Nf6 4.Bg2 dxc4 5.Qa4+ Nbd7 6.Qxc4 c5 7.O-O a6 8.Qc2 Rb8
9.d4 cxd4 10.Nxd4 e5 11.Nf5 g6 12.Nh6 b5 13.Bg5 Bb7 14.Bxb7 Rxb7 15.Nc3 Bxh6
16.Bxh6 Ng4 17.Qe4 Nxh6 18.Qxb7 Qb8 19.Qc6 Qb6 20.Qc8+ Qd8 21.Qxd8+ Kxd8
22.Rfd1 Kc7 23.Rac1  1-0

[Event "TCh-AUT 2nd Bundesliga West 2008-9"]
[Site "Austria AUT"]
[Date "2009.03.08"]
[Round "11"]
[White "Juergens,Kl"]
[Black "Drabke,L"]
[Result "0-1"]
[WhiteElo "2167"]
[BlackElo "2474"]

1.Nf3 d5 2.c4 d4 3.g3 Nc6 4.Bg2 e5 5.d3 h6 6.a3 a5 7.e3 Nf6 8.O-O Be7 9.b3 O-O
10.e4 Nd7 11.Ne1 Nc5 12.Nd2 Be6 13.h3 Qd7 14.Kh2 Rab8 15.Rb1 b5 16.Qc2 Rb6
17.f4 f6 18.fxe5 Nxe5 19.b4 axb4 20.axb4 Na4 21.c5 Ra6 22.Nb3 Nc3 23.Rb2 Ra4
24.Bd2 Rxb4 25.Bxc3 dxc3 26.Qxc3 Rxb3 27.Rxb3 Bxb3 28.Qxb3+ Kh7 29.c6 Qxc6
30.d4 Qc4 31.Qe3 Nf7 32.h4 c5 33.Nf3 cxd4 34.Qxd4 Ne5 35.Qxc4 Nxc4 36.Nd4 b4
37.Rc1 Ne5 38.Rc7 Bd6 39.Rb7 Rb8 40.Rxb8 Bxb8 41.Bh3 Ba7 42.Nb3 h5 43.Be6 g5
44.Kg2 Kh6 45.Nc1 Be3 46.Nb3 Ng6 47.hxg5+ fxg5 48.Bg8 g4 49.Na5 Ne5 50.Kf1 Kg5
51.Nc4 Nxc4 52.Bxc4 Bd4 53.Bf7 h4 54.gxh4+ Kxh4 55.e5 Bxe5 56.Kg2 Kg5 57.Bd5 Kf4
58.Kf2 Bd6 59.Be6 g3+ 60.Ke2 Bc5 61.Bd5 b3 62.Kf1 b2 63.Ba2 Kf3 64.Bd5+ Ke3
65.Ba2 Kd2  0-1

[Event "TCh-AUT 2nd Bundesliga West 2008-9"]
[Site "Austria AUT"]
[Date "2009.03.08"]
[Round "11"]
[White "Ager,J"]
[Black "Kondrak,C"]
[Result "1-0"]
[WhiteElo "2231"]
[BlackElo "2148"]

1.Nf3 d5 2.c4 c6 3.g3 e6 4.Qc2 Nf6 5.Bg2 Be7 6.O-O O-O 7.d4 b6 8.Nbd2 Bb7
9.Rd1 Nbd7 10.e4 dxc4 11.Nxc4 Re8 12.Bf4 Nf8 13.Nce5 Ng6 14.Nxf7 Kxf7 15.Ng5+ Kg8
16.Nxe6 Qd7 17.Qb3 Kh8 18.Ng5 Rf8 19.Be5 h6 20.Bh3 Ng4 21.Nf7+ Kh7 22.f3 Rxf7
23.Qxf7 N6xe5 24.Qb3 Rf8 25.dxe5 Bc5+ 26.Kg2 Ne3+ 27.Qxe3 Qxd1 28.Qxh6+ Kxh6
29.Rxd1 Bc8 30.Bxc8 Rxc8 31.Rd7 a5 32.f4 a4 33.Kf3 a3 34.b3 b5 35.e6 Re8
36.f5 Be7 37.e5 c5 38.h4 c4 39.bxc4 b4 40.Ke4 b3 41.axb3 Ra8 42.Rd1 Bb4 43.Ra1 Ra5
44.Kd4 Kh5 45.Ra2 Kg4 46.Ke4 Bc3 47.f6 gxf6 48.exf6 Bxf6 49.b4 Re5+ 50.Kd3 Rf5
51.c5 Rf3+ 52.Kc4 Bb2 53.b5 Kf5 54.e7 Re3 55.c6 Rxe7 56.b6 Re1 57.c7 Rc1+
58.Kd5 Rc2 59.b7 Rxc7 60.b8=Q Rc3 61.Qf4+ Kg6 62.Qg5+ Kh7 63.Qf5+ Kh8 64.Qf6+ Kh7
65.Qxc3 Bxc3 66.Rxa3 Bb2 67.Ra6 Bc3 68.Ke4 Bb2 69.Kf5  1-0

[Event "10th EICC w"]
[Site "St Petersburg RUS"]
[Date "2009.03.08"]
[Round "1"]
[White "Shumiakina,T"]
[Black "Sokolova,V"]
[Result "1-0"]
[WhiteElo "2324"]
[BlackElo "2084"]

1.Nf3 d5 2.c4 e6 3.d4 c5 4.cxd5 exd5 5.Nc3 Nc6 6.g3 Nf6 7.Bg2 Be7 8.O-O O-O
9.Bg5 Be6 10.Rc1 h6 11.Bxf6 Bxf6 12.dxc5 d4 13.Ne4 Be7 14.a3 Qd5 15.Ne1 Qd7
16.Nd3 f5 17.Nd2 Bg5 18.f4 Bf6 19.b4 Ne7 20.Nf3 Ng6 21.Nfe5 Bxe5 22.c6 Qd6
23.cxb7 Rae8 24.Rc6 Qb8 25.fxe5 Bf7 26.e6 Rxe6 27.Rxe6 Bxe6 28.Nc5 Qe5 29.Nxe6 Qxe6
30.Qxd4 Qxe2 31.Qd6 Qe3+ 32.Kh1 Qb6 33.Qxb6 axb6 34.Rxf5 Rd8 35.Bd5+ Kh8
36.Rf7 Ne5 37.Rc7  1-0

[Event "10th EICC"]
[Site "Budva MNE"]
[Date "2009.03.11"]
[Round "6"]
[White "Gagunashvili,M"]
[Black "Lintchevski,D"]
[Result "1/2-1/2"]
[WhiteElo "2585"]
[BlackElo "2481"]

1.Nf3 d5 2.c4 e6 3.d4 Nf6 4.Nc3 Be7 5.Bg5 O-O 6.e3 h6 7.Bxf6 Bxf6 8.Qc2 b6
9.O-O-O Bb7 10.cxd5 exd5 11.g4 c5 12.h4 cxd4 13.exd4 Nc6 14.Kb1 Bc8 15.Bh3 Bxh4
16.Nxh4 Qxh4 17.Nxd5 Bb7 18.Bg2 Qg5 19.f4 Qd8 20.f5 Qg5 21.Be4 Rfe8 22.Rdg1 Nxd4  1/2-1/2

[Event "10th EICC"]
[Site "Budva MNE"]
[Date "2009.03.11"]
[Round "6"]
[White "Pankov,Ger"]
[Black "Kunin,V"]
[Result "1-0"]
[WhiteElo "2392"]
[BlackElo "2546"]

1.Nf3 d5 2.c4 d4 3.g3 f6 4.Bg2 e5 5.d3 c5 6.O-O Nc6 7.e3 Bd6 8.exd4 cxd4
9.Na3 Nge7 10.Nc2 O-O 11.Rb1 a5 12.b3 Rb8 13.Nd2 b5 14.Na3 bxc4 15.bxc4 Rxb1
16.Ndxb1 Bf5 17.Qe2 Qd7 18.Nb5 Bc5 19.Nd2 Na7 20.a4 Bb4 21.Nb3 Nac6 22.f4 Bg4
23.Qf2 Rd8 24.Bd2 Bh3 25.Bxb4 Nxb4 26.Nc5 Qc8 27.Bxh3 Qxc5 28.Qe2 Ng6 29.Be6+ Kh8
30.Bf5 Nc6 31.Nc7 Nf8 32.Nd5 Rb8 33.fxe5 Nxe5 34.g4 Qd6 35.Re1 Ne6 36.Qf2 Ng5
37.Kg2 Nef3 38.Rh1 Rb1 39.h4 Nxh4+ 40.Rxh4 Qa3 41.Kg3 Qa1 42.Rh2 Rf1 43.Qe2 Re1
44.Rh1 Rxe2 45.Rxa1 g6 46.Be4  1-0

[Event "10th EICC w"]
[Site "St Petersburg RUS"]
[Date "2009.03.12"]
[Round "5"]
[White "Bogumil,T"]
[Black "Malinicheva,L"]
[Result "1-0"]
[WhiteElo "2218"]
[BlackElo "2068"]

1.Nf3 d5 2.c4 c6 3.b3 Qb6 4.e3 Nf6 5.Nc3 Bg4 6.Be2 Nbd7 7.Ba3 Qa5 8.Qc1 dxc4
9.bxc4 a6 10.Rb1 Rb8 11.O-O c5 12.h3 Bf5 13.d3 e5 14.e4 Be6 15.Ng5 Be7 16.Bb2 O-O
17.a4 Rfd8 18.f4 h6 19.Nf3 exf4 20.Qxf4 Nh5 21.Qh2 Nhf6 22.e5 Nh7 23.Nd5 Kf8
24.Bc3 Qxa4 25.Nd2 Bg5 26.Nf4 Kg8 27.h4 Bxf4 28.Qxf4 Ndf8 29.Ne4 Qc6 30.Bf3 Qc7
31.Nd6 Ng6 32.Qg3 Qe7 33.h5 Ngf8 34.Bxb7 Ng5 35.Ba5 Rxd6 36.exd6 Qd7 37.Bc7 Rxb7
38.Rxb7 Bg4 39.Rb8 Bxh5 40.Bd8 f6 41.Be7 Ne6 42.Rxf6 Be8 43.Qg4 h5 44.Rxf8+ Nxf8
45.Qxd7  1-0

[Event "10th EICC w"]
[Site "St Petersburg RUS"]
[Date "2009.03.12"]
[Round "5"]
[White "Galojan,L"]
[Black "Makka,I"]
[Result "1/2-1/2"]
[WhiteElo "2316"]
[BlackElo "2203"]

1.Nf3 d5 2.c4 c6 3.e3 Nf6 4.b3 Bg4 5.Bb2 e6 6.Be2 Nbd7 7.O-O Bd6 8.Nc3 O-O
9.h3 Bh5 10.d4 Rc8 11.Re1 Re8 12.Rc1 Qa5 13.a3 Bb8 14.g3 h6 15.Kg2 e5 16.b4 Qd8
17.Nxe5 Bxe2 18.Rxe2 Nxe5 19.dxe5 Bxe5 20.cxd5 Bxc3 21.Bxc3 Nxd5 22.Bb2 Qg5
23.Rc4 h5 24.Rd4 a6 25.Kh2 Re6 26.Red2 Rce8 27.Rh4 Rh6 28.e4 Nf6 29.f4 Qb5
30.Bxf6 gxf6 31.f5 Qc4 32.Qf3 Qc1 33.Qd3 Qe1 34.Re2 Qa1 35.Rf4 Qe5 36.h4 Rh7
37.Rd2 Rg7 38.Qf3 Rh7 39.Qd1 Qc3 40.Rd3 Qb2+ 41.Kh3 Qe5 42.Rd7 Re7 43.Rd2 Re8
44.Qf3 Kh8 45.Rd7 b6 46.Qd1 a5 47.Rb7 axb4 48.axb4 b5 49.Rd7 Rg8 50.Rd8 Qc3
51.Rxg8+ Kxg8 52.Qd8+ Kg7 53.Qd6 Rh8 54.Kg2 Ra8 55.Qd1 Kh6 56.Rf2 Qxb4 57.Qc1+ Kg7
58.Qxc6 Ra1 59.e5  1/2-1/2

[Event "FSGM March"]
[Site "Budapest HUN"]
[Date "2009.03.14"]
[Round "8"]
[White "Rapport,R"]
[Black "Nguyen Huynh Minh Huy"]
[Result "1/2-1/2"]
[WhiteElo "2371"]
[BlackElo "2465"]

1.Nf3 d5 2.c4 c6 3.d4 Nf6 4.Nc3 a6 5.a4 g6 6.Bf4 Bg7 7.e3 O-O 8.Be2 a5 9.Nd2 Na6
10.O-O Nb4 11.Na2 Nxa2 12.Rxa2 b6 13.b3 Bf5 14.Nb1 c5 15.dxc5 Bxb1 16.Qxb1 Ne4
17.Qd3 Nc3 18.Rc2 e5 19.Bg3 e4 20.Qd2 Nxe2+ 21.Qxe2 bxc5 22.cxd5 Qxd5 23.Qb5 Rfc8
24.Rfc1 Bf8 25.Qc4 Rd8 26.Kf1  1/2-1/2

[Event "10th EICC w"]
[Site "St Petersburg RUS"]
[Date "2009.03.14"]
[Round "7"]
[White "Galojan,L"]
[Black "Miednikova,S"]
[Result "1-0"]
[WhiteElo "2316"]
[BlackElo "2160"]

1.Nf3 d5 2.c4 dxc4 3.e3 Be6 4.Qc2 Nf6 5.Na3 Bd5 6.Nxc4 e6 7.Be2 Be7 8.O-O O-O
9.b3 c5 10.a3 Nbd7 11.Bb2 Qc7 12.Rac1 Rac8 13.d3 b5 14.Ncd2 g6 15.Qb1 Rcd8
16.Rc2 Ne8 17.Rfc1 Bf6 18.e4 Bxb2 19.Qxb2 Bc6 20.b4 cxb4 21.Qxb4 Nef6 22.Nb3 Qb6
23.Nfd4 Nb8 24.Nxb5 Bd7 25.Rc8  1-0

[Event "10th EICC"]
[Site "Budva MNE"]
[Date "2009.03.15"]
[Round "9"]
[White "Bartel,Mat"]
[Black "Fressinet,L"]
[Result "1/2-1/2"]
[WhiteElo "2594"]
[BlackElo "2666"]

1.Nf3 d5 2.c4 e6 3.d4 Nf6 4.e3 Nbd7 5.Nbd2 b6 6.cxd5 exd5 7.Ne5 Bb7 8.f4 c5
9.g4 cxd4 10.exd4 Bb4 11.g5 Nxe5 12.fxe5 Nd7 13.Qg4 Qc8 14.a3 Be7 15.Nf3 Nf8
16.Bb5+ Bc6 17.Qxc8+ Rxc8 18.Bd3 Ne6 19.Be3 Ba4 20.Kd2 g6 21.h4 Ng7 22.Rac1 O-O
23.Ba6 Rxc1 24.Rxc1 Ne6 25.Ne1 h6 26.Nf3 hxg5 27.Bxg5 Bxg5+ 28.hxg5 Rd8 29.Bc8 Bd7
30.Bb7 Ba4 31.Rc3 Kf8 32.b3 Be8 33.a4 Ke7 34.Ke3 Rd7 35.Ba6  1/2-1/2

[Event "10th EICC"]
[Site "Budva MNE"]
[Date "2009.03.15"]
[Round "9"]
[White "Wells,P"]
[Black "Pankov,Ger"]
[Result "1/2-1/2"]
[WhiteElo "2513"]
[BlackElo "2392"]

1.Nf3 d5 2.c4 d4 3.b4 f6 4.e3 e5 5.c5 dxe3 6.fxe3 Be6 7.Qc2 c6 8.d4 Nh6 9.Bd3 g6
10.O-O Nf7 11.dxe5 fxe5 12.Bc4 Qe7 13.e4 Na6 14.Bxa6 bxa6 15.Qa4 Qb7 16.Ng5 Nxg5
17.Bxg5 Bg7 18.Nd2 Rf8 19.Nb3 Qb5 20.Qxb5 axb5 21.Na5 Kd7 22.Rfd1+ Kc7 23.Rd6 Bd7
24.Rad1 Rf7 25.h3 Raf8 26.a3 Ra8 27.R1d2 Rc8 28.Kh2 Rb8 29.R2d3 Rc8 30.Nb7 Kxb7
31.Rxd7+ Rxd7 32.Rxd7+ Rc7 33.Rd8 Rc8 34.Rd6 Rc7 35.Rd8 Rc8 36.Rd6 Rc7 37.g3 Rf7
38.Kg2 Kc7 39.Bd8+ Kb7 40.h4 Kc8 41.Bg5 Kc7 42.Kh3 Bf8 43.Rf6 Rxf6 44.Bxf6 Kd7
45.Bxe5 Ke6 46.Bb2 Bh6 47.h5 Bd2 48.hxg6 hxg6 49.Kg4 Be3 50.Kf3 Bd2 51.Ke2 Bh6
52.Kd3 Bg5  1/2-1/2

[Event "Copa Ajedrez Plus"]
[Site "Ramos Mejia ARG"]
[Date "2009.03.15"]
[Round "2"]
[White "Mayorga,N"]
[Black "Barrionuevo,P"]
[Result "1/2-1/2"]
[WhiteElo "2306"]
[BlackElo "2327"]

1.Nf3 d5 2.c4 e6 3.g3 Nf6 4.Bg2 Be7 5.O-O O-O 6.d4 c5 7.cxd5 exd5 8.Nc3 Nc6
9.dxc5 Bxc5 10.Bg5 d4 11.Na4 Be7 12.Rc1 h6 13.Bf4 Be6 14.Ne5 Na5 15.Nxf7 Rxf7
16.Bc7 Qe8 17.Bxa5 Qb5 18.Bc7 Nd5 19.Be5 Nb4 20.Bxd4 Nxa2 21.Nc3 Qxb2 22.Nxa2 Qxa2
23.Ra1 Qc4 24.Ra4 Qb5 25.Qa1 a5 26.Rb1 Qxe2 27.Rxa5 Rxa5 28.Qxa5 Qd3 29.Qb6 Qa6
30.Qxb7 Qxb7 31.Rxb7 Bf8 32.Rb6 Bc4 33.Rc6 Ba2 34.h4 Rd7 35.Bc3 Bd5 36.Rc8 Bxg2
37.Kxg2 Kf7 38.h5 Be7 39.Rc6 Bd6 40.Kf3 Rc7 41.Rxc7+ Bxc7 42.Kg4 Bb6 43.f4 Bf2
44.Kf3 Bc5 45.g4 Be7 46.Ke4 Bd8 47.Kf5 Be7 48.Be5 Bc5 49.Ke4 Be7 50.Kd5 Bd8
51.Kd6 Be7+ 52.Kd7 Bh4 53.Kc6 Be7 54.Kd5 Bh4 55.Bd4 Bd8 56.Ke5 Bf6+ 57.Ke4 Be7
58.Kf5 Bd8 59.Bc5 Bc7 60.Bb4 Bd8 61.Bd6 Bb6 62.g5 hxg5 63.fxg5 g6+ 64.hxg6+ Kg8  1/2-1/2

[Event "Copa Ajedrez Plus"]
[Site "Ramos Mejia ARG"]
[Date "2009.03.15"]
[Round "3"]
[White "Shcherbine,A"]
[Black "Ginzburg,Ma"]
[Result "0-1"]
[WhiteElo "2171"]
[BlackElo "2455"]

1.Nf3 d5 2.c4 dxc4 3.e3 c5 4.Bxc4 Nc6 5.Qb3 e6 6.O-O a6 7.a4 Nf6 8.d4 cxd4
9.Rd1 Na5 10.Qa2 Nxc4 11.Qxc4 Bd7 12.Qxd4 Qc7 13.b3 Bc5 14.Qc4 Rc8 15.Bb2 b5
16.axb5 Bxb5 17.Qc2 Qb7 18.Bxf6 gxf6 19.Qb2 Rg8 20.Nh4 Qe4  0-1

[Event "10th EICC"]
[Site "Budva MNE"]
[Date "2009.03.17"]
[Round "11"]
[White "Lubczynski,R"]
[Black "Nanu,C"]
[Result "1/2-1/2"]
[WhiteElo "2423"]
[BlackElo "2506"]

1.Nf3 d5 2.c4 d4 3.g3 Nc6 4.Bg2 e5 5.d3 Bb4+ 6.Nbd2 a5 7.O-O Nf6 8.a3 Be7
9.b3 O-O 10.Rb1 Re8 11.Ne1 Bf5 12.Nc2 Qd7 13.b4 axb4 14.axb4 Bh3 15.Nb3 Bxg2
16.Kxg2 b5 17.Bg5 Nd5 18.Bd2 bxc4 19.dxc4 Nb6 20.c5 Nd5 21.e4 Nf6 22.Qf3 Ra2
23.Qd3 Nxe4 24.Qxe4 f5 25.Qd3 Qd5+ 26.f3 e4 27.Ne3 Qe6 28.Qc4 Bg5 29.Qxe6+ Rxe6
30.Nxf5 Bxd2 31.fxe4 g6 32.Rf2 gxf5 33.exf5 Re3 34.Nxd2 Ne5 35.Nf1 Ree2 36.Rxe2 Rxe2+
37.Kh3 c6 38.b5 cxb5 39.Rxb5 Rf2 40.Rb1 Rxf5 41.Nd2 Rf2 42.Rd1 d3 43.Ne4 Rc2
44.Nf6+ Kg7 45.Ng4 Rxc5  1/2-1/2

[Event "10th EICC w"]
[Site "St Petersburg RUS"]
[Date "2009.03.17"]
[Round "9"]
[White "Zainullina,N"]
[Black "Zakurdjaeva,I"]
[Result "1/2-1/2"]
[WhiteElo "2173"]
[BlackElo "2295"]

1.Nf3 d5 2.c4 d4 3.e3 c5 4.exd4 cxd4 5.d3 Nc6 6.g3 Bg4 7.Bg2 e6 8.Qa4 Qd7
9.O-O Be7 10.a3 Nf6 11.b4 O-O 12.Qc2 Rac8 13.Nbd2 b5 14.Bb2 e5 15.cxb5 Nxb4
16.Qb1 Bxf3 17.Bxf3 Nbd5 18.a4 Bb4 19.Ne4 Nxe4 20.Bxe4 f5 21.Bf3 Nc3 22.Bxc3 Bxc3
23.Qb3+ Kh8 24.Ra2 Qe7 25.Re2 e4 26.dxe4 f4 27.Rc2 fxg3 28.fxg3 Qc5 29.Qd5 d3+
30.Qxc5 Rxc5 31.Rcc1 g6 32.Kg2 Rd8 33.Rfd1 Bb4 34.Rxc5 Bxc5 35.e5 d2 36.e6 Kg7
37.Bc6 Rd3 38.Kf1 Kf6 39.Ke2 Ra3 40.Rxd2 Kxe6 41.Bd5+  1/2-1/2

[Event "10th EICC w"]
[Site "St Petersburg RUS"]
[Date "2009.03.17"]
[Round "9"]
[White "Kharashuta,E"]
[Black "Solovjova,V"]
[Result "0-1"]
[WhiteElo "2304"]
[BlackElo "2324"]

1.Nf3 d5 2.c4 c6 3.g3 dxc4 4.Bg2 Nf6 5.O-O Nbd7 6.Qc2 Nb6 7.a4 a5 8.Na3 Be6
9.Ng5 Qd7 10.e4 g6 11.Rb1 Bg7 12.b3 cxb3 13.Rxb3 Ra6 14.Nxe6 Qxe6 15.d3 O-O
16.Be3 Nfd7 17.Rfb1 c5 18.Rb5 Rc8 19.Bd2 c4 20.dxc4 Nxc4 21.Rxa5 Nd6 22.Qd1 Nxe4
23.Rxb7 Rd6 24.Bxe4 Qxe4 25.Qb1 Qe2 26.Qf1 Qxf1+ 27.Kxf1 Rxd2  0-1